Missing Word: Shared TV/Literature Quiz Stats

 Plays Quiz Updated Aug 13, 2012

     
Support Sporcle.
Go Orange.
Score 0/28 Timer 02:00
0 Plays Today
Show Word % Correct
Gilligan's _____Island
98.3%
Mad _____Men
97.4%
The Fresh _____ of Bel-Air Prince
96.6%
Once Upon a _____Time
95.6%
Empty _____Nest
95.5%
New _____Girl
95.1%
I _____ LucyLove
95.1%
Pretty _____ LiarsLittle
94.8%
Deadliest _____Catch
93.4%
As the _____ TurnsWorld
92%
Saved by the _____Bell
88.3%
The Real Housewives of Orange _____County
87.7%
The _____ of QueensKing
87.3%
____ AcresGreen
86.7%
Show Word % Correct
The _____ and the RestlessYoung
86%
In Living _____Color
84.1%
Man vs. _____Wild
83.3%
Eastbound & _____Down
81.7%
Party of _____Five
81.6%
The Wonder _____Years
79.6%
Hell's ____Kitchen
79%
_____ TiesFamily
78.5%
Land of the _____Lost
78.3%
_____ M.D.House
77.6%
Robot _____Chicken
77.5%
The _____ GirlsGolden
75.6%
_____ BadBreaking
73.4%
_____ SpoonsSilver
60%

Today's Daily Dose

Word Ladder
Drink to Me

Get the Picture
Big 4 'R' All-Stars

From the Vault

First Number (A-Z)

by jakster909

Science 5m
Who knew that numbers have spellings too?
Remove Ads.
Support Sporcle.
Get the best of Sporcle when you Go Orange. This ad-free experience offers more features, more stats, and more fun while also helping to support Sporcle. Thank you for becoming a member.

Show Comments

Extras

Top Quizzes Today


Score Distribution

Your Account Isn't Verified!

In order to create a playlist on Sporcle, you need to verify the email address you used during registration. Go to your Sporcle Settings to finish the process.

Report this User

Report this user for behavior that violates our Community Guidelines.

Details: